=LDR 00000nam 2200000 4500 =001 NUTBA000000000005447 =005 20141030095741.0 =006 =007 =008 =035 ##$$a 0010-101400000000677 =040 ##$$a NBPDMAT =082 ##$$a 372.8 =090 ##$$a 372.8 $b Lem l =245 ##$$a Lembar kerja siswa utama IPS untuk SMP dan MTS kelas7 semester 1 / $c penyusun W. Yanto...i { et al } =250 ##$$a Cet.1 =260 ##$$a Jakarta : $b Widya Utama, $c 2010 =650 ##$$a IPS SMP - Soal dan Latihan =850 ##$$a NBPDMAT